01039 a2200193 4500003000500000005001700005010001600022020001600038040000900054082001900063100001900082245008200101260003400183300003100217505051400248650002800762650002100790650003400811Nust20221123113141.0 a 92234408 a00711472276 cNust00a621.381045,SIN1 aSingh, Jasprit10aOptoelectronics :ban introduction to materials and devices /cJasprit Singh a New Yorka McGraw Hillc1996 a, 537 p. :bill. ;c24 cm. aMaterials for Optoelectronics Structural Properties (Page-1), Light Propagations Media (Page-41), Light Propagation in Waveguides(Page-78), Electronic Properties of Semiconductors (Page-131), Transport and Optical Properties of Semiconductors (Page-177), Light Detection and Imaging (Page-236), The Light Emitting Diode (Page-394), The Laser Diode (Page-338), Modulation and Display Deices (Page-388), Optical Communication Systems Device Needs (Page-438), Fabrication and Processing of Devices (Page-468).  0aElectrooptical devices. 0aOptoelectronics. 0aTelecommunication Engineering